• 首页
  • 本馆介绍
  • 公告通知
  • 最新文献
  • 馆藏检索
  • 电子资源
  • 读者导购
  • 参考咨询
  • 我的图书馆
  • 登录
  • 详细信息显示
  • 放入我的书架
  • 预约/预借图书
  • 作者相关作品
  • 分类相关作品
  • 丛书相关作品
  • 出版社相关作品

书目信息

  • 表格格式
  • 工作单格式
  • 卡片格式
题名:
传统民族医药法律保护研究
    
 
作者: 乔世明 主编
分册:  
出版信息: 北京   法律出版社  2015
页数: 262页
开本: 21cm
丛书名: 中央民族大学法学文库
单 册:
中图分类: D922.164
科图分类:
主题词: 民族医学--Min Zu Yi Xue--法律保护--研究--中国
电子资源:
ISBN: 978-7-5118-8199-1
000 01006nam0 22002531 450
001 0101082452
005 20161201102013.40
010    @a978-7-5118-8199-1@dCNY30.00
100    @a20151112d2015 em y0chiy50 ea
101 0  @achi
102    @aCN@b110000
105    @ay z 000yy
106    @ar
200 1  @a传统民族医药法律保护研究@AChuan Tong Min Zu Yi Yao Fa Lv Bao Hu Yan Jiu@f乔世明主编
210    @a北京@c法律出版社@d2015
215    @a262页@d21cm
225 2  @a中央民族大学法学文库@AZhong Yang Min Zu Da Xue Fa Xue Wen Ku
330    @a本书系统地介绍了我国藏、蒙、维、傣等少数民族医药的发展历史,野生药材资源及其法律保护,在介绍的同时又创新性地提出了挖掘、整合少数民族环境习惯法,突出地方立法特色,提高野生药材资源保护立法质量的观点。
461  0 @12001 @a中央民族大学法学文库
606 0  @a民族医学@AMin Zu Yi Xue@x法律保护@x研究@y中国
690    @aD922.164@v5
701  0 @a乔世明@AQiao Shi Ming@c(女,@f1954~)@4主编
801  0 @aCN@bTANGWEI@c20161128
905    @b0951662-6@dD922.164@e1463@f5
    
    传统民族医药法律保护研究/乔世明主编.-北京:法律出版社,2015
    262页;21cm.-(中央民族大学法学文库)
    
    
    ISBN 978-7-5118-8199-1:CNY30.00
    本书系统地介绍了我国藏、蒙、维、傣等少数民族医药的发展历史,野生药材资源及其法律保护,在介绍的同时又创新性地提出了挖掘、整合少数民族环境习惯法,突出地方立法特色,提高野生药材资源保护立法质量的观点。
●
相关链接 在E读中查询图书 在五车中查询图书 在当当中查询图书 在豆瓣中查询图书


正题名:传统民族医药法律保护研究     索取号:D922.164/1463         预约/预借

序号 登录号 条形码 馆藏地/架位号 状态 备注
1 0951662   209516629   第一样本阅览室/ [索取号:D922.164/1463] 在馆    
2 0951663   209516638   密集书库-史法系/ [索取号:D922.164/1463] 在馆    
3 0951664   209516647   第一借阅区/ [索取号:D922.164/1463] 在馆    
4 0951665   209516656   第一借阅区/ [索取号:D922.164/1463] 在馆    
5 0951666   209516665   第一借阅区/ [索取号:D922.164/1463] 在馆    
唐山师范学院图书馆 欢迎您!
大连网信软件有限公司© 版权所有